000
00313 a2200133 4500
005
20250709064704.0
020
_a
0-285-63460-7
082
_a
782.86092 BAR
100
_a
BARBIER, P
245
_a
The World of the Castrati
260
_a
London
_b
souvenir Press
_c
1996
300
_a
262p.;ill
_c
20cm
942
_2
ddc
_c
BKS
999
_c
6615
_d
6615